000 00432nam a2200193Ia 4500
005 20240823035557.0
008 240823s9999||||xx |||||||||||||| ||und||
020 _a0-415-22281-8
041 _aENGLISH
082 _A153.4303 P3
100 _aWarburton
245 0 _aThinking From A to Z
250 _a2nd
260 _c2003
_bLondon and New
500 _aYES
650 _aA to Z
_bGeneral
942 _cBK
999 _c201022
_d201022